Normal view
MARC view
Entry Topical Term
001 - CONTROL NUMBER
- control field: 226
003 - CONTROL NUMBER IDENTIFIER
- control field: BD-RjUL
005 - DATE AND TIME OF LATEST TRANSACTION
- control field: 20211216104339.0
008 - FIXED-LENGTH DATA ELEMENTS
- fixed length control field: 211216|| aca||aabn | a|a d
040 ## - CATALOGING SOURCE
- Original cataloging agency: BD-RjUL
- Transcribing agency: BD-RjUL
150 ## - HEADING--TOPICAL TERM
- Topical term or geographic name entry element: Arab countries
- Form subdivision: Intellectual life
670 ## - SOURCE DATA FOUND
- Source citation: Work cat.: (BD-RjUL)79012: Jāmiʻat Bayrūt al-ʻArabīyah., محاضرات الموسم الثقافي الرابع لجامعة بيروت العربية : سلسلة المحاضرات التي القيت بمناسبة افتتاح قاعة الاحتفالات الكبرى بالجامعة، العام الجامعي ١٩٦٣-١٩٦٤. ;;; Muḥāḍarāt al-mawsim al-thaqāfī al-rābiʻ li-Jāmiʻat Bayrūt al-ʻArabīyah : silsilat al-muḥāḍarāt allatī ulqiyat bi-munāsabat iftitāḥ qaʻāt al-iḥtifālāt al-kubrá bi-al-Jāmiʻah, al-ʻām al-jāmiʻī 1963-1964./